General Knowledge Quiz - 15 Questions - Statistics

General Stats
  • This quiz has been taken 36 times
  • The average score is 5 of 15
Answer Stats
Hint Answer % Correct
10. In what city would you find the "Burj Khalifa" Dubai
80%
4. What was president Kennedy's middle name Fitzgerald
70%
5. Where is The Mariana Trench located Pacific
63%
15. Largest city and former capital of Pakistan Karachi
47%
6. What is the state capital of Pennsylvania Harrisburg
40%
12. Who wrote "The Wonderful Wizard of Oz" L Frank Baum
37%
11. Who wrote the 1952 novel "East of Eden" John Steinbeck
33%
2. The name of Prime Minister Churchill's wife Clementine
30%
1. Who had a UK number one hit with "Pass the Dutchie" Musical Youth
20%
14. Released in 1958 name of the first film in "The Carry On" series Carry On Sergeant
13%
8. Who played Christine Keeler in the film "Scandal" Joanne Whalley
13%
7. Name of the first baby girl born to a sitting PM (3 months after parents moved to Downing St) Florence Cameron
10%
9. First female referee to officiate at a ranking snooker tournament in 2002 Michaela Tabb
10%
3. Original name of the ship "The Golden Hind" The Pelican
10%
13. Sir Winston Churchill, was MP for what constituency between 1924 to 1945 Epping
7%
No matching quizzes found
Score Distribution
Percent of People with Each Score
Percentile by Number Answered
Your Score History
You have not taken this quiz